Allpanchis Phuturinqa : (Record no. 21806)

000 -CABECERA
fixed length control field 01722nam a22002897a 4500
003 - IDENTIFICADOR DEL NÚMERO DE CONTROL
control field AR-CdUCM
008 - DATOS DE LONGITUD FIJA--INFORMACIÓN GENERAL
fixed length control field 190425b ||||| |||| 00| 0 spa d
040 ## - FUENTE DE LA CATALOGACIÓN
Agencia/entidad que catalogó originalmente la obra MUNICIPALIDAD PROVINCIAL DEL CUSCO
Entidad que transcribió la catalogación BIBLIOTECA MUNICIPAL DEL CUSCO
082 ## - NÚMERO DE LA CLASIFICACIÓN DECIMAL DEWEY
No. de Clasificación Rev.Allp/N°5/1973
110 ## - ENTRADA PRINCIPAL--NOMBRE DE ENTIDAD CORPORATIVA
Nombre de la institución, jurisdicción como entrada principal Instituto de Pastoral Andina
9 (RLIN) 12766
245 ## - MENCIÓN DE TÍTULO
Título Allpanchis Phuturinqa :
Resto del título Revista Anual /
260 ## - PUBLICACIÓN, DISTRIBUCIÓN, ETC.
Lugar de publicación, distribución, etc. Cusco :
Nombre de la editorial, distribuidor, etc. Universo,
Fecha de publicación, distribución, etc. 1973.
300 ## - DESCRIPCIÓN FÍSICA
Nº de Páginas Extensión 216 páginas. :
Otros detalles físicos ilustraciones ;
Dimensiones 20 cm.
440 ## - MENCIÓN DE SERIE/PUNTO DE ACCESO ADICIONAL--TÍTULO
Título Revista del Instituto de Pastoral Andina Cusco
Número de la parte/sección de una obra Año [ ], [ ] semestre de 1973, N°5. Vol. V
9 (RLIN) 46182
505 ## - NOTA DE CONTENIDO CON FORMATO
Nota de contenido formateada Contenido: Organización social andina. -- El uso de término étnicos. Pierre Van den Berghe. -- El trato social entre los Aymaras. Domingo Llanque. -- El Jilakata. I.N.D.I.C.E.P. -- La viuda y el hijo del Soq'a Machu. Jorge Flores O. -- La población de San Jerónimo. Pierre Van den Berghe. -- Abigeato. Benjamín Sebastián Orlove C. -- Explicando la exogamia andina. Ralph Bolton. -- Reciprocidad y la economía del mercado. Antoinette Fioravanti. -- Reforma agraria y sistema de cargos. David Gow. -- Reflexión teológico pastoral. -- Interpretaciones populares de espíritu santo. Betsy Wisley. -- El compadrazgo. Rodrigo Sánchez Arjona. -- Orientaciones para una Pastoral Popular.
650 ## - PUNTO DE ACCESO ADICIONAL DE MATERIA--TÉRMINO DE MATERIA
Descriptor Cultura andina
9 (RLIN) 46160
650 ## - PUNTO DE ACCESO ADICIONAL DE MATERIA--TÉRMINO DE MATERIA
Descriptor Antropología cusqueña
9 (RLIN) 45862
650 ## - PUNTO DE ACCESO ADICIONAL DE MATERIA--TÉRMINO DE MATERIA
Descriptor Religiosidad andina
9 (RLIN) 44127
650 ## - PUNTO DE ACCESO ADICIONAL DE MATERIA--TÉRMINO DE MATERIA
Descriptor Constumbres y tradiciones
9 (RLIN) 46161
650 ## - PUNTO DE ACCESO ADICIONAL DE MATERIA--TÉRMINO DE MATERIA
Descriptor Ritos andinos
9 (RLIN) 6634
700 ## - PUNTO DE ACCESO ADICIONAL--NOMBRE DE PERSONA
Nombre Personal Llanque Chana, Domingo
9 (RLIN) 46163
700 ## - PUNTO DE ACCESO ADICIONAL--NOMBRE DE PERSONA
Nombre Personal Van den Berghe, Pierre
9 (RLIN) 46183
700 ## - PUNTO DE ACCESO ADICIONAL--NOMBRE DE PERSONA
Nombre Personal Flores Ochoa, Jorge
9 (RLIN) 2915
942 ## - ELEMENTOS DE PUNTO DE ACCESO ADICIONAL (KOHA)
Fuente de clasificación
Tipo de item Revistas cusqueñas
945 ## - PROCESAMIENTO DE INFORMACIÓN LOCAL (OCLC)
Catalogador rac
Holdings
Estado de retiro (separado) Fuente de clasificación o esquema de estanterías Estado dañado Ubicación Sala donde se ubica Nombre de la colección Fecha de adquisición o compra Costo, precio normal en soles Signatura topográfica Código de Barras Última vez visto (Koha) Tipo de ítem (Koha)
No     Sala Hemeroteca Sala Hemeroteca Book Cart 2021-08-13 10.00 Rev.Allp/N°5/1973 REVC000275 2021-08-13 Revistas cusqueñas
No     Sala Hemeroteca Sala Hemeroteca Book Cart 2021-08-13 10.00 Rev.Allp/N°5/1973/e.2 REVC000276 2021-08-13 Revistas cusqueñas

Powered by Koha